Alle Ortsteile im Landkreis Reutlingen auf einer Karte - Statistiken

Allgemein
  • Dieses Quiz wurde 148 mal gespielt
  • Das Durchschnittsergebnis liegt bei 42 aus 107
Antworten auf der Karte
Die Antworten werden auf der Karte rot bzw. grün angezeigt, abhängig davon wie oft sie richtig erraten wurden.
 
Antwortstatistiken
Ortsteil % Korrekt
Reutlingen
89%
Pfullingen
81%
Metzingen
72%
Betzingen
70%
Eningen unter Achalm
69%
Bad Urach
67%
Münsingen
67%
Dettingen (Erms)
61%
Gomadingen
59%
Trochtelfingen
59%
Unterhausen
56%
Zwiefalten
56%
Gönningen
54%
Großengstingen
54%
Hayingen
54%
Hülben
54%
Kleinengstingen
54%
Gächingen
50%
Rommelsbach
50%
Sondelfingen
50%
Würtingen
50%
Dapfen
48%
Genkingen
48%
Pfronstetten
48%
Seeburg
48%
Upfingen
48%
Glems
46%
Holzelfingen
46%
Honau
46%
Marbach
46%
Pliezhausen
46%
Wannweil
46%
Wittlingen
46%
Zainingen
46%
Buttenhausen
44%
Mehrstetten
44%
Ödenwaldstetten
44%
Steinhilben
44%
Apfelstetten
43%
Böttingen
43%
Sirchingen
43%
Upflamör
43%
Dottingen
41%
Indelhausen
41%
Kohlstetten
41%
Magolsheim
41%
Oberstetten
41%
Auingen
39%
Bernloch
39%
Bichishausen
39%
Böhringen
39%
Eglingen
39%
Hengen
39%
Ohmenhausen
39%
Bremelau
37%
Ehestetten
37%
Lonsingen
37%
Mägerkingen
37%
Riederich
37%
Rietheim
37%
Tigerfeld
37%
Trailfingen
37%
Bleichstetten
35%
Donnstetten
35%
Grabenstetten
35%
Neuhausen
35%
Oferdingen
35%
Ohnastetten
35%
Wasserstetten
35%
Aichelau
33%
Aichstetten
33%
Anhausen
33%
Degerschlacht
33%
Hundersingen
33%
Mittelstadt
33%
Sickenhausen
33%
Walddorf
33%
Meidelstetten
31%
Offenhausen
31%
Altenburg
30%
Baach
30%
Gundelfingen
30%
Münzdorf
30%
Steingebronn
30%
Wilsingen
30%
Erpfingen
28%
Häslach
28%
Kochstetten
28%
Undingen
28%
Grafenberg
26%
Dürrenstetten
24%
Hausen an der Lauchert
24%
Reicheneck
24%
Rübgarten
24%
Weiler
24%
Willmandingen
24%
Oberwilzingen
22%
Gniebel
20%
Bronnweiler
19%
Huldstetten
17%
Sonderbuch
17%
Gauingen
15%
Geisingen
15%
Hochberg
13%
Mörsingen
13%
Gossenzugen
9%
Dörnach
7%
Keine übereinstimmenden Quizze gefunden
Verteilung der Resultate
Anzahl Personen mit jedem Resultat
Perzentil nach korrekt beantworteten Fragen
Ihre Resultats-Entwicklung
Sie haben dieses Quiz noch nicht gespielt